IFM Opac

Social Enterprises and the Third Sector: (Record no. 22176)

MARC details
000 -LEADER
fixed length control field 00414nam a22001337a 4500
020 ## - INTERNATIONAL STANDARD BOOK NUMBER
ISBN 978-0-415-83156-7
082 ## - DEWEY DECIMAL CLASSIFICATION NUMBER
Classification number 361.765
100 ## - MAIN ENTRY--AUTHOR NAME
Personal name Defourny, Jacques
245 ## - TITLE STATEMENT
Title Social Enterprises and the Third Sector:
Sub Title Changing European Landscapes in A Comparative Perspective
260 ## - PUBLICATION, DISTRIBUTION, ETC. (IMPRINT)
Place of publication New York:
Name of publisher Routledge,
Year of publication 2014
300 ## - PHYSICAL DESCRIPTION
Number of Pages xv, 279p.: ill.; 23cm
700 ## - ADDED ENTRY--PERSONAL NAME
Personal name Hulgard, Lars & Pestoff, Victor
942 ## - ADDED ENTRY ELEMENTS (KOHA)
Koha item type Books
Holdings
Withdrawn status Lost status Damaged status Not for loan Collection code Permanent Location Current Location Shelving location Date acquired Source of acquisition Full call number Accession Number Price effective from Koha item type
        Non-fiction IFM Main Campus Library IFM Main Campus Library Work Room processing 01/16/2026 Purchased 361.765 SOC 0000023555 01/16/2026 Books
        Non-fiction IFM Main Campus Library IFM Main Campus Library Work Room processing 01/16/2026 Purchased 361.765 SOC 0000023554 01/16/2026 Books